02316cam a22004094i 4500003000900000005001700009008004100026035002000067040003300087100004300120245017900163264001000342300004000352336002100392337002500413338002300438502005900461504002700520520110800547526001001655526001001665526000901675526000901684526000901693526000901702526000901711526000901720526000901729526000801738526000801746526000801754526000801762526000801770650003801778650005401816650003601870PE-LiUPU20250731165426.0160203s2011 pe a grm 000 0 spa d a(Sirsi) a155883 aPE-LiUPUbspacPE-LiUPUerda1 aParedes Torres, Melissa Noemíeautor1 aPerfil clínico de persoanalidad mediante el inventario clínico multiaxial (MCMI-II) en población ludópata del I.N.S.M. "R.D.-H.N." /cMelissa Noemí Paredes Torres. 0c2011. a100 hojas : bilustraciones;c30 cm atext2rdacontent aunmediated2rdamedia avolume2rdacarrier aTesisb(Lic.) -- cUniversidad Peruana Unión,d2011. aIncluye bibliografía3 aEl objetivo es determinar y describir el perfil clínico de la personalidad promedio, determinar el porcentaje de sujetos que presentan trastornos de personalidad, identificar la existencia de patrones clínicos y patologías severas de la personalidad e identificar la media de trastornos de la personalidad por sujeto.Tipo y diseño de investigación: El tiepo de estudio fue cuantitativo y del nivel descriptivo. El diseño de la investigación fue no experimental, transversal y retrospectivo. Población: Constituída por 19 pacientes con diagnóstico de ludopatía, cuyas edades fluctuaron entre 18 y 60 años. Instrumento: Se empleó la adaptación española del Inventario clínico Multiaxial de Millon (MCMI-II) de Kudó (1999). Se tomaron en cuenta sólo los patrones clínicos y las lpatologías severas de la lpersonalidad del MCMI-II. Además, se analizó el nivel de confiabilidad obteniendo un 0.77 para cada escala. Conclusiones: Un gran porcentaje de pacientes con diagnóstico de juego patológico presentaron comorbilidad con los trastornos de la personalidad. aSEG44 aSEG26 aP151 aP150 aP149 aP146 aP145 aP126 aP125 aP92 aP75 aP74 aP27 aP1504aLudópatasxPersonalidadvTesis.04aInventario multiaxial clínico de MillonvTesis.04aPruebas de personalidadvTesis.